Fatih devri Osmanlı müelliflerinden Ali b. Hüseyin el-amasi ve taiku'l-edeb'i (Record no. 3592)

MARC details
000 -BAŞLIK
Sabit Uzunlukta Kontrol Alanı 00838na a2200265 4500
001 - KONTROL NUMARASI
Denetim Alanı 12718
003 - KONTROL NUMARASI IDENTIFIER
Denetim Alanı MIRAKIL
005 - SON İŞLEM TARİHİ VE ZAMANI
Denetim Alanı 20181213154936.0
008 - SABİT-BOY VERİ ELEMANLARI - GENEL BİLGİLER
Sabit Uzunlukta Kontrol Alanı 160816b tu 000 0
020 ## - ULUSLARARASI STANDART KİTAP NUMARASI
Uluslararası Standart Kitap Numarası 9751932750
035 ## - SİSTEM KONTROL NUMARASI
Sistem Kontrol Numarası 12718
040 ## - KATALOGLAMA KAYNAK
Orijinal Kataloglama Ajansı Milas
Kataloglama Dili tur
Metne Dönüştürmek Ajansı TR-AnCHP
082 ## - DEWEY ONLU SINIFLANDIRMA NUMARASI
Sınıflandırma Numarası 297.7
Ürün Numarası Ş34f
090 ## - SINIFLAMA NUMARASI
Sınıflama Numarası 297.7 Ş34f 2002
100 ## - ANA GİRİŞ - KİŞİSEL İSİM
Kişisel Ad Şeker, Mehmet
245 ## - BAŞLIK TABLOSU
Başlık Fatih devri Osmanlı müelliflerinden Ali b. Hüseyin el-amasi ve taiku'l-edeb'i
Sorumluluk Tablosu, Vb Mehmet Şeker
260 ## - YAYIN, DAĞITIM, VB
Yayın, Dağıtım, Vb Yeri Ankara
Yayıncı, Dağıtıcı, Vs Adı Diyanet İşleri Başkanlığı
Yayın, Dağıtım, Vb Tarihi 2002
300 ## - FİZİKSEL TANIM
Kapsam 303 s.
Boyutlar 19 sm.
490 ## - SERİSİ TABLOSU
Seri Beyanı İlmi Eserler
Hacim / Ardışık Tanımı 88
490 ## - SERİSİ TABLOSU
Seri Beyanı Diyanet İşleri Başkanlığı yayınları
Hacim / Ardışık Tanımı 556
500 ## - GENEL NOT
Genel Not Eserin sonunda "Tariku'l-Edeb" adlı arapça metin var.
504 ## - KAYNAKÇA VB NOT
Kaynakça Vb Notu Kaynakça ve dizin var
650 ## - KONU KATMA GİRİŞ - TOPİKAL DÖNEM
Topikal Süreli Veya Coğrafi Ad Giriş Elemanı İslam ahlakı
Genel Alt Bölümü Din eğitimi
942 ## - EKLENDİ GİRİŞ ELEMANLARI (KOHA)
Sınıflandırma Veya Raf Düzeni Kaynak
Koha Öğesi Türü Books
999 ## - SİSTEM KONTROL NUMARALARI (KOHA)
Koha Biblionumber 3592
Koha Biblioitemnumber 3592
Holdings
Kalıcı Konum Mevcut Konum Edinme Tarihi Edinim Kaynak Toplam Check-Out'Lar Tam Çağrı Numarası Barkod Tarih Son Görülme İtibaren Geçerli Fiyatlar Koha Öğesi Türü
CHP Kütüphanesi CHP Kütüphanesi 08/01/2016 Bağış   297.7 Ş34f 2002 000525 08/01/2016 08/01/2016 Books